Регионална библиотека "Любен Каравелов" - Русе

Туризмът във Варна и региона (Запис номер 78081)

MARC детайли
000 -Лидер
Контролно поле с фиксирана дължина 01492nam a2200349 c 4500
003 - Код на организацията, давaща контролен номер
Контролно поле BLK
005 - Дата и час на последна редакция
Контролно поле 20180927093034.0
008 - Елементи от данни с фиксирана дължина
fixed length control field 180408b bul|||||r ||||||| ||bul||
010 ## - Наследен системен номер
LC control number KNG00082546000
020 ## - Международен стандартен номер на книга ISBN
Международен стандартен номер на книга ISBN 954-91545-6-4
-- издат.: Фил
040 ## - Източник на каталожния запис
Идентификатор на билиотеката - собственик на записа BLK
041 ## - Код за език
Код за езика на текст/звукозапис или на отделно заглавие Български
Код за езика КДБФ Български
Други езици Английски
080 ## - УДК
Текстов определител УДК Туризмът от стопанско гледище. Политика по отношение на туризма. Икономика и организация на туризма. Вътрешен и международен туризъм. Вж и 379.8
УДК код - определител по УДК 338.48
УДК определител (497.211)(091)
УДК - код + определител 338.48(497.211)(091)
100 1# - Редна дума - Автор
Автор Калинков, Борис Савов
Авторска отговорност първи автор
R(LIN) 298572
139 ## - Редно поле
Редна дума Калинков, Борис Савов
Авторски знак Кал - К 16
245 10 - Сведения за заглавието
Заглавие Туризмът във Варна и региона
Редно поле (дума) Борис Савов Калинков.
257 ## - Страна на издаване
Страна на създаване/издаване България
260 ## - Област на издателските данни
-- Варна
Име на издателя, разпространителя и проч. Фил
Година на издаване 2006
Печатница В. Търново : Абагар
300 ## - Физическа характеристика
Страници 128 с.
Илюстрации и др. със сн.
Размери/Мащаб 30 см
380 ## - Жанр
Жанр Обществени науки
650 #4 - Допълнително описание по предмет – тема
Основно описание – тема или топоним Туризъм - България - организация и управление
9 (RLIN) 280361
651 #4 - Допълнително описание по предмет - топоним
Географско понятие Варненско
9 (RLIN) 178691
651 #4 - Допълнително описание по предмет - топоним
Географско понятие Варна
9 (RLIN) 178690
651 #4 - Допълнително описание по предмет - топоним
Географско понятие България
9 (RLIN) 241624
653 ## - Ключова дума – ненормативна
Ключова дума туризъм
653 ## - Ключова дума – ненормативна
Ключова дума курорти
852 ## - Местоположение
Форматна сигнатура Цб ІІ 15158
856 4# - Електронен адрес и достъп
Електронен формат pdf - файл
Път до файла /url/
856 4# - Електронен адрес и достъп
Електронен формат pdf - файл
Път до файла /url/
942 ## - АРТИКУЛИ
Вид на библиотечния материал Книги
Скрит в OPAC Не
Koha issues (borrowed), all copies 1
944 ## - СЪЗДАВАНЕ И РЕДАКЦИЯ на ЗАПИСА
Създаване/Редакция Създаване
Дата на регистрацията/редакция 20.03.2008
Статус, дата на статуса ф /
Служител, извършил регистрацията/редакцията Цветанка_Енчева
944 ## - СЪЗДАВАНЕ И РЕДАКЦИЯ на ЗАПИСА
Създаване/Редакция Редакция
Дата на регистрацията/редакция 21.03.2016
Статус, дата на статуса ф /
Служител, извършил регистрацията/редакцията Людмила_Стоянова
999 ## - СИСТЕМНИ КОНТРОЛНИ НОМЕРА
Koha biblionumber 78081
Koha biblioitemnumber 78081
Наличности
Код за отписване Код за изгубен артикул Код за повреда Коз за рестрикции Код за отдаване Артикулен № Име на библиотеката - собственик Име на библиотеката, в която се намира в момента Статус (Текущо местоположение) Дата на вписване в системата Местоположение - отдел Цена в лева Инвентарен номер Систематично азбучна сигнатура Баркод Номер на екземпляра Цена в евро Служебна бележка Служебен тип на артикула Източник на класификационната схема
  Не е изгубен Не е повреден без рестрикции ползва се в читалня 126405 Регионална библиотека "Любен Каравелов" Русе Регионална библиотека "Любен Каравелов" Русе Хранилище 2008-03-24 Хранилище 0.00 120000724761 Цб ІІ 15158 120000724761 1 0.00 Дост: Dp Вид: Д N: 5 Дата: 02.01.2008 Книги  
  Не е изгубен Не е повреден само за читалня ползва се в читалня 126406 Регионална библиотека "Любен Каравелов" Русе Регионална библиотека "Любен Каравелов" Русе Читалня 2016-01-19 Читалня 16.00 120000796986 Ч 338.4/К 16 120000796986 2 8.18 Дост: DA Вид: А N: 1 Дата: 19.01.2016 Дата инв: 23.03.2017 Бележки инв: Ч2017 Книги Universal Decimal Classification
Vip Innovations Ltd, Rousse, Bulgaria 2025